| 000 | 00764nam a2200241 4500 | ||
|---|---|---|---|
| 003 | OSt | ||
| 005 | 20260601193841.0 | ||
| 008 | 260420b1979 sp a|||| |||| 00| 0 spa d | ||
| 020 | _a8425209048 | ||
| 040 |
_aICI _bspa _cICI |
||
| 050 |
_aT14.5 _bD38 |
||
| 100 | 1 | _aDavies, Duncan, | |
| 245 | 1 |
_aEl técnico en la sociedad / _cDuncan daries, tom banfield, ray sheahan ; version castellana de Esteve riambau i sauri |
|
| 264 |
_bGustavo Gili, _c1979 _aBarcelona ; México : |
||
| 300 |
_a223 páginas _c20 cm. |
||
| 336 |
_atexto _2rdacontent |
||
| 337 |
_asin medio _2rdamedia |
||
| 338 |
_avolumen _2rdacarrier |
||
| 490 | 0 | _aColección Tecnología y sociedad | |
| 650 |
_aTecnología _xAspectos sociales |
||
| 700 |
_aBanfield, Tom, _eautor |
||
| 942 |
_2lcc _cB |
||
| 999 |
_c21464 _d21464 |
||